Children's gospel commentary: (Record no. 3421)

000 -LEADER
fixed length control field 00743nam a2200205 a 4500
001 - CONTROL NUMBER
control field :::00001152$&:&@@
003 - CONTROL NUMBER IDENTIFIER
control field OkBaRHE
005 - DATE AND TIME OF LATEST TRANSACTION
control field 20000607103241.0
008 - FIXED-LENGTH DATA ELEMENTS--GENERAL INFORMATION
fixed length control field s1944 j 000 0 eng u
040 ## - CATALOGING SOURCE
Transcribing agency
100 1# - MAIN ENTRY--PERSONAL NAME
Personal name Brooks, Keith Leroy, 1888-
245 10 - TITLE STATEMENT
Title Children's gospel commentary:
Remainder of title covering the four gospels and the book of Acts.
260 ## - PUBLICATION, DISTRIBUTION, ETC. (IMPRINT)
Place of publication, distribution, etc Grand Rapids, MI., :
Name of publisher, distributor, etc Zondervan Publishing House
Date of publication, distribution, etc c1944
300 ## - PHYSICAL DESCRIPTION
Extent 320 p. ;
Dimensions 19 cm.
650 ## - SUBJECT ADDED ENTRY--TOPICAL TERM
Topical term or geographic name as entry element Bible Stories
650 ## - SUBJECT ADDED ENTRY--TOPICAL TERM
Topical term or geographic name as entry element Children's Stories
942 ## - ADDED ENTRY ELEMENTS (KOHA)
Source of classification or shelving scheme
Koha item type Books
Copies
Shelving location Withdrawn status Not for loan Source of classification or shelving scheme Copy number Date acquired Koha item type Damaged status Date last seen Price effective from Permanent Location Lost status Full call number Barcode
General Stacks   12010-04-14Books 2018-02-202010-04-14RHEMA Bible Training College BS 551 .B6671152
General Stacks   22010-04-14Books 2018-02-202010-04-14RHEMA Bible Training College BS 551 .B66715871